CUENTOS CON ESPECTROS, SOMBRAS Y VAMPIROS : ANTOLOGIA /

INCLUYE BIBLIOGRAFIA

Guardado en:
书目详细资料
其他作者: Baronzini, Andrea (selección) (selección)
格式: 图书
丛编:LEER Y CREAR ; 147
主题:
标签: 添加标签
没有标签, 成为第一个标记此记录!

MARC

LEADER 00000nam^a2200000^a^4500
001 000248641
005 20250521000000.0
009 20260310105657.32
020 |a 950-581-147-0 
035 |a 072305 
037 |a Acervo Xavier Clavigero 
082 |a 808. 8301  |b CUE 
245 1 0 |a CUENTOS CON ESPECTROS, SOMBRAS Y VAMPIROS :  |b ANTOLOGIA /  |c SELECC.ANDREA BAROZINI, ANDREA CORDOBES Y RICARDO SORZONI 
264 |a BUENOS AIRES :  |b COLIHUE,  |c 2001 
300 |a 217 p. :  |b retrs. 
336 |a texto  |b txt  |2 rdacontenido 
337 |a sin mediación  |b n  |2 rdamedio 
338 |a volumen  |b nc  |2 rdasoporte 
440 |a LEER Y CREAR ;  |v 147 
520 |a INCLUYE BIBLIOGRAFIA 
649 |a XX 
650 |a Cuentos 
650 |a Literatura Policíaca y de Misterio 
650 |a Cuentos -  |x Historia y Crítica 
650 |a LITERATURA -  |x COLECCIONES 
700 |a Baronzini, Andrea  |e (selección) 
910 |a Fondo General 
920 |a Impresos - Libros 
930 |a Colección General 
940 |a Literatura 
905 |a 101 
901 |a 072305  |b IT1  |c LIT  |i 072305  |u 20250521 
902 |a https://opac.biblio.iteso.mx/vufind/Record/000248641